44-大分県の市町村クイズ(1999年) - Statistics

General Stats
  • This quiz has been taken 128 times
  • The average score is 38 of 58
Answers on the Map
Answers color-coded by a green-red scale on the quiz's map according to % correct below.
 
Answer Stats
Answer % Correct
大分おおいた
96%
宇佐うさ
94%
国東くにさきまち
90%
津久見つくみ
90%
姫島ひめしまむら
90%
佐伯さいき
88%
別府べっぷ
88%
臼杵うすき
86%
杵築きつき
86%
佐賀関さがのせきまち
86%
中津なかつ
86%
日田ひた
86%
玖珠くすまち
84%
日出ひじまち
84%
湯布院ゆふいんちょう
84%
豊後高田ぶんごたかだ
82%
竹田たけた
80%
九重ここのえまち
78%
中津江なかつえむら
76%
院内いんないまち
69%
挾間はさままち
69%
天瀬あまがせまち
67%
上津江かみつえむら
67%
国見くにみちょう
67%
安心院あじむまち
63%
大田おおたむら
63%
おぎまち
63%
山香やまがまち
63%
犬飼いぬかいまち
61%
庄内しょうないちょう
61%
本耶馬溪ほんやばけいまち
61%
三光さんこうむら
59%
野津原のつはるまち
59%
前津江まえつえむら
59%
米水津よのうづむら
59%
安岐あきまち
57%
宇目うめまち
57%
大山おおやままち
57%
香々地かかぢちょう
57%
蒲江かまえちょう
57%
久住くじゅうまち
57%
三重みえまち
57%
千歳ちとせむら
55%
朝地あさじまち
53%
緒方おがたまち
53%
清川きよかわむら
53%
直川なおかわそん
53%
真玉またままち
53%
耶馬渓やばけいまち
53%
野津のつまち
49%
本匠ほんじょうむら
49%
武蔵むさしまち
49%
山国やまくにまち
49%
弥生やよいまち
49%
上浦かみうらまち
47%
大野おおのまち
45%
直入なおいりまち
45%
鶴見つるみまち
43%
No matching quizzes found
Score Distribution
Percent of People with Each Score
Percentile by Number Answered
Your Score History
You have not taken this quiz